Normal view
MARC view
Entry Personal Name
001 - CONTROL NUMBER
- control field: 521765
003 - CONTROL NUMBER IDENTIFIER
- control field: OSt
005 - DATE AND TIME OF LATEST TRANSACTION
- control field: 20220930062739.0
008 - FIXED-LENGTH DATA ELEMENTS
- fixed length control field: 220930|| aca||aabn | a|a d
040 ## - CATALOGING SOURCE
- Original cataloging agency: OSt
- Transcribing agency: OSt
100 ## - HEADING--PERSONAL NAME
- Personal name: Panchaksharappa M.G
670 ## - SOURCE DATA FOUND
- Source citation: Work cat.: (OSt)855935: Panchaksharappa M.G., Embryological studies in some members of the Zingibar, 1959
